00311nam a2200121Ia 4500100000900000942000700009654002700016245002300043260000900066546001200075999001700087952008500104 a#N/A cBK aProcess of Negotiation aNegotiation skills b#N/A aENGLISH c22434d22434 001040708CDaCRCEbCRCEd2023-03-17l0o pCD1697r2023-03-17w0000-00-00yBK